000 00702nam a2200253Ia 4500
003 OSt
005 20220918223904.0
006 a|||||r|||| 00| 0
007 ta
008 220917b |||||||| |||| 00| 0 eng d
024 _a225,503
037 _cTextual
040 _aARTS
_cARTS
_beng
041 _2eng
_aeng
082 _aX:3M24xM18:g, N1(RD)
100 _aCarver Terrell Ed.
_9142024
245 0 _aCambridge companion to Marx
260 _aCambridge
_bCambridge University Press
_c1991
300 _axii, 357p.
_ccm.
500 _aReprinted 1999
650 _aECONOMICS
942 _hX:3M24xM18:g, N1(RD)
_cTEXL
_2CC
999 _c279669
_d279669